Mechatronics technology
Saved in:
| Main Author: | |
|---|---|
| Format: | Book |
| Language: | Undetermined |
| Published: |
Ha Noi
Vietnam National University Publisher
2004
|
| Subjects: | |
| Tags: |
Add Tag
No Tags, Be the first to tag this record!
|
| Institutions: | Trung tâm Học liệu Trường Đại học Cần Thơ |
|---|
| LEADER | 00534nam a2200181Ia 4500 | ||
|---|---|---|---|
| 001 | CTU_69538 | ||
| 008 | 210402s9999 xx 000 0 und d | ||
| 082 | |a 621.381 | ||
| 082 | |b S464 | ||
| 100 | |a Nguyen, Khoa Son | ||
| 245 | 0 | |a Mechatronics technology | |
| 245 | 0 | |c Nguyen Khoa Son, Pham Thuong Cat, Pham Anh Tuan | |
| 260 | |a Ha Noi | ||
| 260 | |b Vietnam National University Publisher | ||
| 260 | |c 2004 | ||
| 650 | |a Mechatronics | ||
| 904 | |i Trúc Phương, Năm | ||
| 980 | |a Trung tâm Học liệu Trường Đại học Cần Thơ | ||